[Event "23rd World Seniors 2013"]
[Site "Opatija CRO"]
[Date "2013.11.20"]
[Round "8.43"]
[White "Masich,Vl"]
[Black "Haubt,G"]
[Result "0-1"]
[WhiteElo "1931"]
[BlackElo "2206"]

1.e4 d5 2.exd5 Qxd5 3.Nc3 Qd6 4.Nf3 Nf6 5.d4 g6 6.Bd3 Bg7 7.O-O O-O 8.Re1 Nc6
9.Nb5 Qd8 10.c3 a6 11.Na3 b5 12.Nc2 Rb8 13.Qe2 Re8 14.a4 Bf5 15.Bxf5 gxf5
16.axb5 axb5 17.Ra6 Qd6 18.Nb4 Rb6 19.Rxb6 cxb6 20.Qxb5 Nxb4 21.cxb4 e6 22.Bg5 Rc8
23.Qa6 Qd8 24.Ne5 h6 25.Bh4 Qc7 26.h3 Nd5 27.Qa4 Nf4 28.Nf3 Qc4 29.Qd7 Nd3
30.Rf1 Nxb4 31.Bd8 Qc6 32.Qxc6 Rxc6 33.Ra1 Nd5 34.Ra8 Kh7 35.Rb8 Rc1+ 36.Kh2 Rc2
37.Bxb6 Rxb2 38.Bc7 Rxf2 39.Bg3 Rc2 40.Rb7 f4 41.Be1 Ne3 42.Rxf7 Nxg2 43.Kg1 Kg6
44.Rd7 Bf6 45.Bd2 Ne3 46.Ba5 Rg2+ 47.Kh1 Rf2 48.Ne5+ Bxe5 49.dxe5 Ra2 50.Bb6 Ra1+
51.Kh2 Kf5 52.Rh7 Ra2+ 53.Kh1 Ke4 54.Rxh6 f3 55.Rxe6 f2 56.Rf6 Ra1+ 57.Kh2 f1=Q
58.Rxf1 Nxf1+ 59.Kg2 Kxe5  0-1

[Event "4th Brno Open 2013"]
[Site "Brno CZE"]
[Date "2013.11.21"]
[Round "7.3"]
[White "Blahynka,M"]
[Black "Kantans,T"]
[Result "0-1"]
[WhiteElo "2188"]
[BlackElo "2412"]

1.e4 d5 2.exd5 Qxd5 3.Nc3 Qd6 4.d4 Nf6 5.Nf3 Bg4 6.Be3 c6 7.h3 Bxf3 8.Qxf3 g6
9.O-O-O Bg7 10.Bf4 Qb4 11.Bc7 e6 12.Qf4 Nbd7 13.g4 Nd5 14.Nxd5 cxd5 15.Kb1 Rc8
16.Bd6 Qa4 17.Rd2 Rc6 18.h4 e5 19.Bxe5 Nxe5 20.Qe3 Re6 21.dxe5 Rxe5 22.Qf3 Qb4
23.c3 Re1+ 24.Rd1 Rxd1+ 25.Qxd1 Bxc3 26.Qc2 Be5 27.Qe2 Qe4+ 28.Qxe4 dxe4
29.g5 O-O 30.Bg2 f5 31.gxf6 Rxf6 32.Bxe4 Rxf2 33.Bc2 Kg7 34.h5 gxh5 35.a4 Kh6
36.Bd1 Bh2 37.Bc2 h4 38.a5 Kg5 39.Bxh7 Kg4 40.Rc1 Be5 41.Rc4+ Kg3 42.Rb4 h3
43.Rb3+ Rf3 44.Bg8 Rxb3 45.Bxb3 Bc7 46.Bd5 Bxa5 47.Bxb7 Kf2 48.Kc2 Kg1 49.Kd3 h2  0-1

[Event "23rd World Seniors 2013"]
[Site "Opatija CRO"]
[Date "2013.11.21"]
[Round "9.30"]
[White "Herbrechtsmeier,C"]
[Black "Sasu Ducsoara,Ad"]
[Result "1/2-1/2"]
[WhiteElo "2302"]
[BlackElo "2176"]

1.e4 d5 2.exd5 Qxd5 3.Nc3 Qd6 4.d4 Nf6 5.Bc4 c6 6.Nge2 Nbd7 7.Bf4 Qb4 8.Qd3 Nb6
9.Bb3 Nbd5 10.Bd2 Qd6 11.Nxd5 cxd5 12.O-O e6 13.c4 dxc4 14.Bxc4 Be7 15.Bf4 Qd8
16.Nc3 O-O 17.Rad1 Bd7 18.d5 Nxd5 19.Nxd5 exd5 20.Bxd5 Bc6 21.Bxc6 Qxd3 22.Rxd3 bxc6
23.Be3 a5 24.Rc1 Ra6 25.a4 Rb8 26.b3 f6 27.Kf1 Rb7 28.Ke2 Kf7 29.Rc4 f5 30.Kd2 Ke6
31.Kc2 Rb4 32.Rdc3 Rxc4 33.Rxc4 g6 34.h3 h5 35.f3 Kd5 36.Rd4+ Ke6 37.Rd3 Bb4
38.Rd8 Be7 39.Rg8 Kf7 40.Rb8 Ke6 41.Kd3 Kd5 42.Rb7 Bf6 43.Rd7+ Ke6 44.Ra7 Rxa7
45.Bxa7 Bd8 46.Kc4 Kd6 47.Bb8+ Kd7 48.b4 axb4 49.Kxb4 Kc8 50.Be5 Be7+ 51.Kc4 Kb7
52.Bc3 Bd8 53.Bd2 Bb6 54.Bb4 Bf2 55.Bc5 Bh4 56.Bd4 Be7 57.Be5 Ba3 58.Bf6 Bc1
59.g4 Ba3 60.gxf5 gxf5 61.Kb3 Bc1 62.Bc3 Bh6 63.Bd4 Bf8 64.Be5 Bc5 65.Kc4 Be7
66.Bg7 Ba3 67.Bc3 Be7 68.Kd3 Bg5 69.Ke2 Bf4 70.Kf2 Bg5 71.Ke2 Be7 72.Kd3  1/2-1/2

[Event "Great Hopes GM 2013"]
[Site "Budapest HUN"]
[Date "2013.11.22"]
[Round "6.3"]
[White "Sevian,Samuel"]
[Black "Varga,Zo"]
[Result "1-0"]
[WhiteElo "2384"]
[BlackElo "2441"]

1.e4 d5 2.exd5 Qxd5 3.Nc3 Qd6 4.d4 Nf6 5.Nf3 Bg4 6.g3 e6 7.Bg2 Qa6 8.h3 Bh5
9.g4 Bg6 10.Ne5 Nbd7 11.h4 Bb4 12.h5 Be4 13.f3 Bd5 14.g5 Ng8 15.Nd3 Bxc3+
16.bxc3 h6 17.Nb4 Qd6 18.Nxd5 exd5 19.f4 hxg5 20.fxg5 Qg3+ 21.Kf1 Qxc3 22.Rb1 Qc4+
23.Qd3 Qxd3+ 24.cxd3 Nb6 25.Bf4 Ne7 26.Re1 Kf8 27.Bf3 Nc6 28.Bxc7 Nxd4 29.Bg4 Kg8
30.Kg2 f5 31.Be5 Nc2 32.Re2 Re8 33.Bf3 Nb4 34.Rd1 Nc6 35.Bb2 Rxe2+ 36.Bxe2 Na4
37.Ba1 d4 38.Bf3 Kf7 39.Rb1 Nb6 40.Kg3 Ke6 41.Re1+ Kd6 42.Bb2 a5 43.Bxc6 bxc6
44.Bxd4 Rxh5 45.Bxb6 Rxg5+ 46.Kf3 Rh5 47.Kf4 Rh2 48.a3  1-0

[Event "Bundesliga 2013-14"]
[Site "Hamburg GER"]
[Date "2013.11.23"]
[Round "3"]
[White "Hracek,Z"]
[Black "Muse,M"]
[Result "1/2-1/2"]
[WhiteElo "2636"]
[BlackElo "2424"]

1.e4 d5 2.exd5 Qxd5 3.Nc3 Qd6 4.d4 Nf6 5.Nf3 a6 6.g3 Bg4 7.Bg2 Nc6 8.O-O O-O-O
9.h3 Bh5 10.Bf4 Qb4 11.g4 Bg6 12.a3 Qxb2 13.Qe1 e6 14.Rb1 Qxc2 15.Ne5 Nd5
16.Rc1 Nxf4 17.Rxc2 Nxg2 18.Kxg2 Nxe5 19.Rd2 Nc4 20.Rd1 Nb2 21.Rd2 Nc4 22.Rd1 Nb2
23.Rd2  1/2-1/2

[Event "5th Pilsen Open 2013"]
[Site "Plzen CZE"]
[Date "2013.11.24"]
[Round "1"]
[White "Nemcova,Karin"]
[Black "Zimmermann,Dir"]
[Result "0-1"]
[WhiteElo "1683"]
[BlackElo "2041"]

1.e4 d5 2.exd5 Qxd5 3.Nc3 Qd6 4.d4 c6 5.Bc4 Nf6 6.Nf3 Bf5 7.O-O Nbd7 8.Re1 e6
9.Bg5 Be7 10.Qe2 Bg4 11.Rad1 O-O 12.h3 Bxf3 13.Qxf3 Nb6 14.Bb3 Qc7 15.Bf4 Bd6
16.Bxd6 Qxd6 17.Ne4 Nxe4 18.Qxe4 Nd7 19.c3 Nf6 20.Qe5 Rad8 21.a3 Rd7 22.Re2 Qxe5
23.Rxe5 Rfd8 24.Rde1 Kf8 25.f4 g6 26.g4 h5 27.f5 exf5 28.gxf5 g5 29.R1e2 g4
30.hxg4 Nxg4 31.R5e4 Kg7 32.Re7 Kf6 33.Rxd7 Rxd7 34.Bc2 Rd8 35.Kg2 Rg8 36.Kf3 Nh6
37.Re5 Rg5 38.Kf4 Rg2 39.Bd1 h4 40.b4 Rg3 41.Bf3 Rg5 42.Be4 Rg4+ 43.Ke3 Rg3+
44.Kf4 Rxc3 45.a4 Rc4 46.Ra5 Rxd4 47.Ke3 Rxb4 48.Kd3 Ng4 49.Bg2 Ne5+ 50.Kc3 Rg4
51.Bh1 a6 52.Rc5 Rxa4 53.Kb3 Rg4 54.Rc3 Rg3  0-1

[Event "TCh-AUT 2nd Ost 2013-14"]
[Site "Zwettl AUT"]
[Date "2013.11.24"]
[Round "4.2"]
[White "Weinzettl,E"]
[Black "Beck,Hart"]
[Result "1/2-1/2"]
[WhiteElo "2312"]
[BlackElo "2313"]

1.e4 d5 2.exd5 Qxd5 3.Nc3 Qd6 4.d4 Nf6 5.Nf3 c6 6.Ne5 Nbd7 7.Nc4 Qc7 8.g3 Nb6
9.Bf4 Qd7 10.Ne5 Qd8 11.Bg2 g6 12.O-O Bg7 13.Qd2 O-O 14.Rad1 Ng4 15.Qe2 Nxe5
16.dxe5 Qe8 17.b3 Be6 18.a4 Rd8 19.a5 Nd5 20.Nxd5 Bxd5 21.Bxd5 Rxd5 22.Rxd5 cxd5
23.a6 bxa6 24.Qxa6 Qb8 25.e6 Qb6 26.exf7+ Kxf7 27.Qd3 Qc6 28.Re1 Rc8 29.Be5 Bxe5
30.Rxe5 e6  1/2-1/2

[Event "Caissa IM Nov 2013"]
[Site "Kecskemet HUN"]
[Date "2013.11.25"]
[Round "10.2"]
[White "Sean,W"]
[Black "Orso,M"]
[Result "1/2-1/2"]
[WhiteElo "2317"]
[BlackElo "2328"]

1.e4 d5 2.exd5 Qxd5 3.Nc3 Qd8 4.Nf3 Nf6 5.d4 Bg4 6.Bc4 e6 7.h3 Bh5 8.g4 Bg6
9.Ne5 Bb4 10.a3 Bxc3+ 11.bxc3 Be4 12.f3 Bd5 13.Bb5+ Nfd7 14.Be3 a6 15.Be2 Nxe5
16.dxe5 Nd7  1/2-1/2

[Event "9th Ugra Governor's Cup"]
[Site "Khanty-Mansiysk RUS"]
[Date "2013.11.29"]
[Round "2.7"]
[White "Potapov,P"]
[Black "Savchenko,B"]
[Result "1/2-1/2"]
[WhiteElo "2468"]
[BlackElo "2602"]

1.e4 d5 2.exd5 Qxd5 3.Nc3 Qd6 4.d4 Nf6 5.Nf3 a6 6.g3 Bg4 7.Bg2 Nc6 8.O-O O-O-O
9.d5 Ne5 10.Nxe5 Bxd1 11.Nxf7 Qd7 12.Rxd1 e5 13.Nxd8 Qxd8 14.Be3 Qe8 15.Ne4 Qg6
16.Ng5 Kb8 17.h3 Qxc2 18.Nf7 Rg8 19.Nxe5 Bd6 20.Nd3 Re8 21.Rd2 Qa4 22.Nc5 Qa5
23.Ne6 Nd7 24.Rd3 g6 25.Rc3 Nb6 26.Bc5 Na4 27.b4 Qb5 28.Rc2 Qd3 29.Rac1 Be5
30.Be3 Bxg3 31.fxg3 Qxe3+ 32.Kh2 Nb6 33.Rxc7 Nc8 34.R1c3 Qe5 35.R3c5 Nd6
36.Rxh7 Qb2 37.Rcc7 Rc8 38.Rxc8+ Kxc8 39.a3 Qe5 40.Rc7+ Kb8 41.Rg7 Qf6 42.Rg8+ Ka7
43.Nc5 Nf5 44.Rb8 Nd6 45.Rg8 Qf2 46.Rg7 Qe2 47.Rxg6 Nf5 48.Ne6 Qb2 49.Nf4 Qxa3
50.d6 Qxb4 51.d7 Qe7 52.g4 Qxd7 53.gxf5 Qxf5 54.Kg3 Qe5 55.h4 a5 56.h5 Qc3+
57.Kg4 Qc8+ 58.Kg3 Qc3+ 59.Kh4 Qd4 60.Kg4 a4 61.h6 a3 62.Bd5 Qd1+ 63.Kg5 Qg1+
64.Kf5 Qh2 65.Rg7 Qxh6 66.Rxb7+ Ka6 67.Rf7 Qh2 68.Be6  1/2-1/2

[Event "14th Puhajarve Rapid"]
[Site "Puhajarve EST"]
[Date "2013.11.30"]
[Round "14.1"]
[White "Liiva,R"]
[Black "Karpov,Ana"]
[Result "1/2-1/2"]
[WhiteElo "2454"]
[BlackElo "2619"]

1.e4 d5 2.exd5 Qxd5 3.Nc3 Qd6 4.d4 c6 5.Nf3 Bg4 6.Be2 Nf6 7.h3 Bxf3 8.Bxf3 e6
9.O-O Be7 10.Ne4 Nxe4 11.Bxe4 Nd7 12.c3 Nf6 13.Bc2 Bd8 14.Qf3 Bc7 15.g3 h5
16.Bf4 Qd5 17.Qxd5 Nxd5 18.Bd2 O-O-O 19.h4 Rd7 20.Rad1 Ne7 21.Bg5 g6 22.Kg2 Nf5
23.Kf3 Bd8 24.Bf4 Re8 25.Rfe1 Bf6 26.Be5 Be7 27.Bf4 Bf6 28.Be5  1/2-1/2

[Event "TCh-BEL 2013-14"]
[Site "Belgium BEL"]
[Date "2013.12.01"]
[Round "5.7"]
[White "Van Herck,M"]
[Black "Hautot,S"]
[Result "0-1"]
[WhiteElo "2085"]
[BlackElo "2377"]

1.e4 d5 2.exd5 Qxd5 3.Nc3 Qd6 4.d4 c6 5.g3 Nf6 6.Bf4 Qb4 7.Qd2 Qxb2 8.Rb1 Qa3
9.Bc7 e6 10.Rb3 Qe7 11.Qf4 Nbd7 12.Bg2 Nb6 13.Bxb6 axb6 14.Rxb6 Nd5 15.Nxd5 exd5+
16.Ne2 Qd8 17.Qe3+ Be7 18.Qb3 Rxa2 19.O-O Ra3 20.Qb2 O-O 21.Nf4 Ra2 22.Qb3 Rxc2
23.Rb1 Rc4  0-1

[Event "5th Classic Open 2013"]
[Site "London ENG"]
[Date "2013.12.07"]
[Round "1.70"]
[White "Maryasin,B"]
[Black "Roberts,P"]
[Result "1-0"]
[WhiteElo "2342"]
[BlackElo "2215"]

1.e4 d5 2.exd5 Qxd5 3.Nc3 Qd6 4.d4 Nf6 5.Nf3 g6 6.Nb5 Qb6 7.c4 c6 8.Nc3 Bg7
9.c5 Qd8 10.Bc4 O-O 11.O-O b5 12.cxb6 Qxb6 13.Ne5 Ba6 14.Re1 Bxc4 15.Nxc4 Qa6
16.Ne5 e6 17.Qf3 Nd5 18.Ne4 Qb7 19.Qh3 Nd7 20.Bh6 N7f6 21.b3 Nxe4 22.Rxe4 f5
23.Ree1 Rac8 24.Rac1 Rfe8 25.Bxg7 Kxg7 26.Qf3 Qb4 27.Red1 Qb7 28.h4 Kh8 29.Rc5 Rg8
30.Rdc1 Qe7 31.g3 g5 32.hxg5 Rxg5 33.Rxc6 Rxc6 34.Rxc6 Rg4 35.Nxg4  1-0

[Event "52nd TCh-DEN XtraCon 2013-14"]
[Site "Denmark DEN"]
[Date "2013.12.08"]
[Round "3.7"]
[White "Christensen,Bo"]
[Black "Christiansen,JJ"]
[Result "1-0"]
[WhiteElo "2219"]
[BlackElo "2129"]

1.e4 d5 2.exd5 Qxd5 3.Nc3 Qd6 4.Bc4 Nf6 5.h3 a6 6.Nf3 b5 7.Bb3 c5 8.d3 Bb7
9.O-O e6 10.Re1 Nc6 11.Be3 Na5 12.Ng5 Nxb3 13.axb3 Be7 14.Qd2 O-O 15.Bf4 Qc6
16.f3 Rad8 17.Kh1 Nd5 18.Bh2 h6 19.Nge4 Rfe8 20.Re2 f6 21.Rae1 Bf8 22.Ng3 e5
23.Nf5 Bc8 24.Nxd5 Bxf5 25.Ne3 Bg6 26.Qc3 Qd7 27.Qa5 Qc6 28.Bg1 Rd6 29.Nd1 Rde6
30.Nc3 Kh7 31.Ne4 c4 32.bxc4 bxc4 33.dxc4 Qxc4 34.c3 Rb8 35.Rd2 Bxe4 36.Rxe4 Qb5
37.Qa2 Rd6 38.Rb4 Qe8 39.Rxd6 Bxd6 40.Rxb8 Qxb8 41.Qxa6 Qxb2 42.Qd3+ Kh8
43.Qxd6 Qxc3 44.f4 e4 45.Kh2 Qc2 46.Be3 Kh7 47.f5 Qb1 48.Qg3 Qd3 49.h4 Kh8
50.Bf4 Qd5 51.Qg6 Qd3 52.Bxh6 gxh6 53.Qxh6+ Kg8 54.Qg6+ Kf8 55.Qxf6+ Kg8
56.Qe6+ Kh7 57.Qe7+ Kh6 58.f6  1-0

[Event "5th Classic Open 2013"]
[Site "London ENG"]
[Date "2013.12.10"]
[Round "4.15"]
[White "Ansell,S"]
[Black "Vakhidov,J"]
[Result "1/2-1/2"]
[WhiteElo "2374"]
[BlackElo "2452"]

1.e4 d5 2.exd5 Qxd5 3.Nc3 Qd6 4.d4 Nf6 5.Nf3 g6 6.Nb5 Qd8 7.c4 Bg7 8.Bf4 Na6
9.Be2 O-O 10.O-O c5 11.dxc5 Nd7 12.Qc1 Naxc5 13.Bh6 a6 14.Bxg7 Kxg7 15.Nc3 Nf6
16.Qe3 Qc7 17.b4 Ne6 18.Ne5 Qd6 19.Nd5 Nxd5 20.cxd5 Nc7 21.Nc4 Qf6 22.Nb6 Rb8
23.Rac1 Na8 24.Nxa8 Rxa8 25.Rc7 Rd8 26.Rfc1 Bf5 27.Qxe7 Rxd5 28.Bf3 Qxe7
29.Rxe7 Rd2 30.Rxb7 Rc8 31.Rxc8 Bxc8 32.Ra7 Rxa2 33.h4 Be6 34.Bc6 Bc4 35.b5 axb5
36.Rxa2 Bxa2 37.Bxb5  1/2-1/2

[Event "Pavlodar Open 2013"]
[Site "Pavlodar KAZ"]
[Date "2013.12.10"]
[Round "1.6"]
[White "Zubarev,Al1"]
[Black "Sivirin,V"]
[Result "1-0"]
[WhiteElo "2546"]
[BlackElo "2049"]

1.e4 d5 2.exd5 Qxd5 3.Nc3 Qd6 4.d4 Nf6 5.Nf3 Bg4 6.h3 Bxf3 7.Qxf3 c6 8.Be3 e6
9.O-O-O Be7 10.g4 h6 11.h4 Nbd7 12.Bf4 Qb4 13.g5 Nd5 14.Nxd5 cxd5 15.g6 f5
16.Qe3 Nf8 17.h5 Rc8 18.Bd3 a6 19.Rhe1 Rc6 20.a3 Qb3 21.Kb1 Qb6 22.Bxf5 Qd8
23.Bg4 Bg5 24.Bxg5 hxg5 25.Qf3 Qe7 26.Re2 Qc7 27.Qxd5 Rxc2 28.Rxc2 Qxc2+
29.Kxc2 exd5 30.Re1+ Kd8 31.Re5 Kc7 32.Re7+ Kc6 33.Rxg7 b5 34.Rf7 Rg8 35.g7 Nh7
36.Bf5  1-0

[Event "Pavlodar Open 2013"]
[Site "Pavlodar KAZ"]
[Date "2013.12.10"]
[Round "1.35"]
[White "Kaldybayev,O"]
[Black "Bazilov,A"]
[Result "0-1"]
[WhiteElo "1732"]
[BlackElo "2222"]

1.e4 d5 2.exd5 Qxd5 3.Nc3 Qd6 4.Nf3 Nf6 5.d4 a6 6.Be2 Bg4 7.Be3 Nc6 8.Qd2 e6
9.O-O Be7 10.h3 Bh5 11.Rad1 O-O 12.Bf4 Qd8 13.Ne5 Nb4 14.g4 Bg6 15.Nxg6 hxg6
16.Bf3 Nbd5 17.Nxd5 exd5 18.Rfe1 c6 19.Re2 Bd6 20.Rde1 Qc7 21.Bxd6 Qxd6 22.Re7 Rab8
23.R7e3 Rfe8 24.c3 Kf8 25.Bg2 Rxe3 26.Rxe3 Re8 27.Rxe8+ Nxe8 28.Qe3 Nc7 29.Bf1 Ne6
30.Kg2 g5 31.Kf3 Qh2 32.Qe5 Qxe5 33.dxe5 Nc5 34.b3 Ne4 35.c4 Nd2+ 36.Ke2 Nxf1
37.cxd5 cxd5 38.Kxf1 Ke7 39.Ke2 Ke6 40.Kd3 Kxe5 41.Ke3 g6 42.b4 b6 43.a4 b5
44.a5 d4+ 45.Kd3 Kd5 46.f3 Ke5 47.f4+ gxf4 48.h4 f3 49.h5 gxh5 50.gxh5 Kf6  0-1

[Event "ch-Arab Women 2013"]
[Site "Abu Dhabi UAE"]
[Date "2013.12.11"]
[Round "4.9"]
[White "Gharib,Alia Ali"]
[Black "Gameel,A"]
[Result "0-1"]
[WhiteElo "1748"]
[BlackElo "1752"]

1.e4 d5 2.exd5 Qxd5 3.Nc3 Qd6 4.g3 Nf6 5.Bg2 a6 6.Nge2 Nc6 7.d3 Bg4 8.h3 Bh5
9.O-O e5 10.Be3 O-O-O 11.g4 Bg6 12.f4 exf4 13.Nxf4 Re8 14.Nfd5 Nxd5 15.Nxd5 Nb4
16.Bf4 Qd7 17.Nxc7 Bc5+ 18.Kh1 Re7 19.a3 Bd6 20.axb4 Qxc7 21.Bxd6 Qxd6 22.b5 Rhe8
23.bxa6 bxa6 24.Qf3 Ra7 25.Ra3 Ree7 26.Rfa1 f6 27.Qf2 Be8 28.Rb3 Bf7 29.Rb6 Qe5
30.d4 Qe2 31.Qf5+ Be6 32.Qc5+ Rac7 33.Bb7+ Kd8 34.Qd6+ Ke8 35.Bc6+ Kf7 36.Rbxa6 Qxc2
37.Bd5 Bxd5+ 38.Qxd5+ Kf8 39.Ra8+ Re8 40.Rxe8+ Kxe8 41.Ra8+ Ke7 42.Qd8+ Ke6
43.d5+ Ke5 44.Qe8+ Kf4 45.Qa4+ Qxa4 46.Rxa4+ Ke5 47.Ra1 Kxd5 48.Re1 Kd6 49.Re2 Rb7
50.Kg2 Rb3 51.Rd2+ Ke6 52.Rc2 Kf7 53.h4 Kg6 54.Rd2 h5 55.gxh5+ Kxh5 56.Kf1 Kxh4
57.Rh2+ Kg5 58.Rg2+ Kh6 59.Rh2+ Kg6 60.Rg2+ Kf7 61.Ke1 g5 62.Kd1 Kg6 63.Kc2 Rb8
64.Kd3 f5 65.Ke3 Rb3+ 66.Kd4 g4 67.Kc4 Rb8 68.b4 Kg5 69.b5 Rc8+ 70.Kd4 f4
71.b6 Rb8 72.Kc5 f3 73.Rd2 Kf4 74.Kc6 Kg3 75.Kc7 Rxb6 76.Kxb6 f2 77.Rd1 Kg2
78.Rd2 Kg1 79.Rd3 Kg2 80.Rd2 g3 81.Kc5 Kg1 82.Rd3 g2 83.Kd4 f1=Q 84.Rh3 Qf4+
85.Kc3 Kf2 86.Rd3 Qe3 87.Rxe3 Kxe3 88.Kc2 g1=Q  0-1

[Event "Pavlodar Open 2013"]
[Site "Pavlodar KAZ"]
[Date "2013.12.11"]
[Round "3.40"]
[White "Poldyayeva,Mariya"]
[Black "Sivirin,V"]
[Result "0-1"]
[WhiteElo "1473"]
[BlackElo "2049"]

1.e4 d5 2.exd5 Qxd5 3.Nc3 Qd6 4.Nf3 Nf6 5.Bc4 Bg4 6.h3 Bh5 7.g4 Bg6 8.d3 c6
9.Be3 e5 10.Qd2 Nbd7 11.O-O-O Nb6 12.Bxb6 axb6 13.Rde1 Nd7 14.Nxe5 O-O-O
15.Nxd7 Qxd7 16.f4 h6 17.f5 Bh7 18.Na4 Qc7 19.Nc3 Be7 20.h4 Bd6 21.Kb1 Rhe8
22.Rxe8 Rxe8 23.Re1 Rd8 24.Re4 h5 25.Qe2 b5 26.Bb3 Qd7 27.Re6 Kc7 28.Re4 hxg4
29.Rxg4 Qxf5 30.Rg2 Bg6 31.Rf2 Qh3 32.Bxf7 Rf8 33.Rf3 Qxh4 34.Bxg6 Qh1+ 35.Nd1 Qxf3  0-1

[Event "Pavlodar Open 2013"]
[Site "Pavlodar KAZ"]
[Date "2013.12.11"]
[Round "3.27"]
[White "Alimkhanov,Abdurashid"]
[Black "Balguzhinov,B"]
[Result "0-1"]
[WhiteElo "1917"]
[BlackElo "2183"]

1.e4 d5 2.exd5 Qxd5 3.Nc3 Qd6 4.d4 Nf6 5.Be2 Nc6 6.Nf3 Bg4 7.O-O Rd8 8.Be3 e6
9.Qc1 Nb4 10.Rd1 a6 11.a3 Nbd5 12.Nxd5 Nxd5 13.c4 Nxe3 14.Qxe3 Be7 15.d5 O-O
16.b4 Bf6 17.Ra2 exd5 18.Rxd5 Qe6 19.Rad2 Qxe3 20.fxe3 Rde8 21.Kf2 Be6 22.Rc5 c6
23.b5 Be7 24.Re5 Bxa3 25.bxa6 bxa6 26.Ra2 Bd6 27.Rea5 Bc8 28.c5 Bc7 29.Rxa6 Bxa6
30.Rxa6 Rc8 31.Nd4 Be5 32.Nxc6 Bf6 33.Bf3 Rc7 34.Ke2 Re8 35.Bd5 g6 36.Kd3 Kg7
37.e4 Bg5 38.Ra7 Rec8 39.Rxc7 Rxc7 40.Kc4 Be3 41.Nd4 Bxd4 42.Kxd4 Kf6 43.c6 Ke7
44.Kc5 f6 45.Bg8 h5 46.Bh7 Kd8 47.Bxg6 Rg7 48.Bf5 Kc7 49.g3 Re7 50.Bd7 Rxe4
51.Kd5 Re5+ 52.Kd4 Kd6 53.Kd3 Re1 54.h3 Rg1  0-1

[Event "ch-Arab Women 2013"]
[Site "Abu Dhabi UAE"]
[Date "2013.12.12"]
[Round "5.6"]
[White "Latreche,S"]
[Black "Al-Zarouni,Aisha"]
[Result "1-0"]
[WhiteElo "1978"]
[BlackElo "1691"]

1.e4 d5 2.exd5 Qxd5 3.Nc3 Qd6 4.d4 Nf6 5.Nf3 Bg4 6.Be2 a6 7.O-O Nc6 8.h3 Bh5
9.Na4 e6 10.c3 Be7 11.Nc5 Rb8 12.Qb3 Na5 13.Qa4+ Nc6 14.Nd3 Nd5 15.Qd1 O-O
16.Re1 Rfe8 17.a3 Bf8 18.c4 Nde7 19.Bf4 Qd8 20.g4 Bg6 21.Nde5 Be4 22.Nxf7 Kxf7
23.Ng5+ Kg8 24.Nxe4 Qxd4 25.Qxd4 Nxd4 26.Rad1 Nxe2+ 27.Rxe2 Ng6 28.Bxc7 Rbc8
29.Rd7 Be7 30.c5 Nf8 31.Red2 Nxd7 32.Rxd7 Bf8 33.Bd6 Red8 34.Rxb7 Bxd6 35.cxd6 Rc4
36.f3 Kf8 37.Kg2 Rc2+ 38.Kg3 h6 39.Kf4 Re2 40.Ke5 Re3 41.Kf4 Rd3 42.a4 Rd4
43.Ke5 Rxa4 44.Kxe6 Rc4 45.Rf7+ Kg8 46.Ke7 Rd7+ 47.Kxd7 Kxf7 48.Kd8 Ke6 49.d7 Rb4
50.Ke8  1-0

[Event "5th Classic Open 2013"]
[Site "London ENG"]
[Date "2013.12.13"]
[Round "7.70"]
[White "Gupta,Arul"]
[Black "Calvert,D"]
[Result "1/2-1/2"]
[WhiteElo "1840"]
[BlackElo "2002"]

1.e4 d5 2.exd5 Qxd5 3.Nc3 Qd6 4.d4 Nf6 5.Nf3 a6 6.g3 Bg4 7.Bg2 Nc6 8.O-O O-O-O
9.d5 Ne5 10.Bf4 Bxf3 11.Bxf3 Nxf3+ 12.Qxf3 e5 13.dxe6 Qxe6 14.Bg5 h5 15.h4 Qg4
16.Qxg4+ hxg4 17.Bxf6 gxf6 18.Rad1 Bg7 19.Nd5 Rhe8 20.Ne3 Re4 21.Rxd8+ Kxd8
22.Rd1+ Ke8 23.Nf5 Bf8 24.Kf1 Re5 25.Re1 Kd7 26.Rxe5 fxe5 27.Ne3 Ke6 28.Nxg4 f5
29.Ne3 f4 30.Nc4 Kd5 31.Ke2 e4 32.Nd2 Bh6 33.Nf1 f3+ 34.Ke1 Kc4  1/2-1/2

[Event "Malmo Open 2013"]
[Site "Malmo SWE"]
[Date "2013.12.14"]
[Round "4.6"]
[White "Kockum,A"]
[Black "Persson,R"]
[Result "1-0"]
[WhiteElo "2359"]
[BlackElo "2174"]

1.e4 d5 2.exd5 Qxd5 3.Nc3 Qd6 4.d4 Nf6 5.Bd3 c6 6.Nge2 Bg4 7.f3 Bh5 8.Bf4 Qd8
9.Qd2 e6 10.O-O-O Nd5 11.Nxd5 cxd5 12.Bxb8  1-0

[Event "ch-Arab Open 2013"]
[Site "Abu Dhabi UAE"]
[Date "2013.12.15"]
[Round "9.10"]
[White "Ahmed,Abdu"]
[Black "Ayyad,H"]
[Result "1/2-1/2"]
[WhiteElo "2242"]
[BlackElo "2191"]

1.e4 d5 2.exd5 Qxd5 3.Nc3 Qd6 4.d4 Nf6 5.Nf3 c6 6.Ne5 Nbd7 7.Bf4 Nd5 8.Nxd5 Qxd5
9.Qd2 Qe4+ 10.Be2 Nxe5 11.Bxe5 f6 12.f3 Qd5 13.c4 Qf7 14.Bg3 Bf5 15.O-O e6
16.Rfe1 Rd8 17.Rad1 Be7 18.Qc3 O-O 19.c5 Rd7 20.b4 Rfd8 21.Bc4 Kh8 22.Bf2 Qg6
23.Rxe6 Bh3 24.Bg3 Bxe6 25.Bxe6 f5 26.Bxd7 Rxd7 27.Be5 Bf6 28.Qb3 Rd5 29.b5 h6
30.bxc6 bxc6 31.f4 Kh7 32.h3 h5 33.Kh2 h4 34.Qf3 Rd8 35.Rd3 Rd5 36.Qf2 Kg8
37.Ra3 Qf7 38.Rb3 Rd8 39.Qf3 Rc8 40.Ra3 Bd8 41.Qb3 a5 42.Qxf7+ Kxf7 43.Rb3 Bf6
44.Rb7+ Ke6 45.Bxf6 Kxf6 46.Rd7 Re8 47.g4 Re2+ 48.Kg1 fxg4 49.hxg4 Re4 50.Rd6+ Kf7
51.g5 Rxf4 52.g6+ Ke7 53.Kg2 Rf6 54.Rxf6 Kxf6 55.Kh3 Kf5 56.Kxh4 Ke4 57.Kg5 Kxd4
58.Kf5 Kd5 59.a4 Kxc5 60.Ke6 Kb4 61.Kf7 c5 62.Kxg7 c4 63.Kf6 c3 64.g7 c2
65.g8=Q c1=Q 66.Qg4+ Kb3 67.Ke5 Qc7+ 68.Kd5 Qf7+ 69.Kc5 Qf2+ 70.Kb5 Qd2 71.Qg3+ Ka2
72.Qc7 Qb4+ 73.Ka6  1/2-1/2

[Event "5th Classic Open 2013"]
[Site "London ENG"]
[Date "2013.12.15"]
[Round "9.68"]
[White "McCarthy,Damian"]
[Black "Calvert,D"]
[Result "0-1"]
[WhiteElo "1905"]
[BlackElo "2002"]

1.e4 d5 2.exd5 Qxd5 3.Nc3 Qd6 4.d4 Nf6 5.Nf3 a6 6.g3 Bg4 7.Bg2 Nc6 8.O-O O-O-O
9.d5 Ne5 10.Bf4 Bxf3 11.Bxf3 Nxf3+ 12.Qxf3 e5 13.dxe6 Qxe6 14.Rfe1 Qf5 15.Re5 Qh3
16.Bg5 Ng4 17.Qf5+ Kb8 18.Bxd8 Qxh2+ 19.Kf1 Nxe5 20.Bxc7+ Kxc7 21.Qxe5+ Bd6
22.Nd5+ Kd7 23.Qf5+ Kd8 24.Qf3 Kc8 25.Rd1 Kb8 26.a4 Qh3+ 27.Kg1 Qe6 28.b4 Re8
29.Nf4 Bxf4 30.Qxf4+ Ka8 31.a5 Rc8 32.Rd6 Qe1+ 33.Kg2 f6 34.Qd4 Qc3 35.Qxc3 Rxc3
36.Rd7 Rxc2 37.Rxg7 Rc4 38.Rf7 Rxb4 39.Rxf6 Rb5 40.Rh6 Rxa5 41.Rxh7 b5 42.Rh5 Ra4
43.f4 b4 44.f5 b3 45.f6 b2 46.f7 b1=Q 47.f8=Q+ Qb8 48.Qf3+ Qb7 49.Qxb7+ Kxb7
50.Kf3 a5 51.g4 Ra1 52.g5 Rg1 53.Kf4 a4 54.Rh3 Kb6 55.Kf5 Kb5 56.g6 Kb4 57.Kf6 a3
58.g7 a2 59.Rh4+ Kb5  0-1

[Event "Malmo Open 2013"]
[Site "Malmo SWE"]
[Date "2013.12.15"]
[Round "7.7"]
[White "Ask,J"]
[Black "Persson,R"]
[Result "1/2-1/2"]
[WhiteElo "2209"]
[BlackElo "2174"]

1.e4 d5 2.exd5 Qxd5 3.Nc3 Qd6 4.d4 Nf6 5.Nf3 c6 6.Bc4 Bg4 7.Be3 e6 8.h3 Bh5
9.g4 Bg6 10.Ne5 Nbd7 11.Nxg6 hxg6 12.Qf3 Qc7 13.O-O-O Nb6 14.Bb3 O-O-O 15.Bf4 Bd6
16.Bg5 Be7 17.Rhe1 Nh7 18.Bf4 Qxf4+ 19.Qxf4 Bg5 20.Qe3 Bxe3+ 21.Rxe3 Nd5  1/2-1/2

[Event "20th Zadar Open A 2013"]
[Site "Zadar CRO"]
[Date "2013.12.15"]
[Round "1.16"]
[White "Kadric,D"]
[Black "Piskur,M"]
[Result "1-0"]
[WhiteElo "2471"]
[BlackElo "2270"]

1.e4 d5 2.exd5 Qxd5 3.Nc3 Qd8 4.d4 Nf6 5.Nf3 Bg4 6.h3 Bxf3 7.Qxf3 c6 8.Be3 e6
9.Bd3 Nbd7 10.O-O-O Bb4 11.Ne2 Bd6 12.c4 Rc8 13.g4 g6 14.g5 Nh5 15.Ng3 Nxg3
16.fxg3 c5 17.Kb1 Qc7 18.Bc2 O-O 19.h4 cxd4 20.Bxd4 Be5 21.h5 Nc5 22.Qe3 Bxd4
23.Rxd4 e5 24.Rdh4 e4 25.hxg6 fxg6 26.Bxe4 Nxe4 27.Qxe4 Qc6 28.Qxc6 Rxc6
29.Rxh7 Rf5 30.Rxb7 a6 31.Rd1 Rxc4 32.Rd8+ Rf8 33.Rxf8+ Kxf8 34.Rb6 a5 35.Rxg6 Rc5
36.g4 Rc4 37.Ra6 a4 38.a3 Rxg4 39.g6 Rg1+ 40.Ka2 Rg4 41.Rb6 Rg5 42.Kb1 Kg7
43.Kc2 Rc5+ 44.Kd3 Kh6 45.Rb4 Rd5+ 46.Kc3 Rc5+ 47.Rc4 Ra5 48.Rg4 Kg7 49.Kb4 Ra8
50.Kb5 Rb8+ 51.Kxa4 Rxb2 52.Ka5 Re2 53.a4  1-0

[Event "2nd Kurdistan Open 2013"]
[Site "Erbil IRQ"]
[Date "2013.12.16"]
[Round "6.1"]
[White "Tarlev,K"]
[Black "Tiviakov,S"]
[Result "1/2-1/2"]
[WhiteElo "2562"]
[BlackElo "2658"]

1.e4 d5 2.exd5 Qxd5 3.Nc3 Qd6 4.d4 Nf6 5.Nf3 g6 6.Nb5 Qb6 7.c4 c6 8.Nc3 Bg7
9.Be2 O-O 10.O-O Bg4 11.a3 Nbd7 12.Be3 Qc7 13.h3 Bxf3 14.Bxf3 Rfe8 15.Qb3 e5
16.d5 e4 17.Be2 Bf8 18.Na4 c5 19.Qc3 Bd6 20.Qd2 Re7 21.b4 b6 22.Rfb1 Ne8
23.bxc5 Nxc5 24.Nc3 Be5 25.Nb5 Qd7 26.Nd4 Nd6 27.Ra2 Rc8 28.Rd1 Bxd4 29.Qxd4 Nf5
30.Qf6 Nxe3 31.fxe3 Rd8 32.a4 Qd6  1/2-1/2

[Event "Pavlodar Open 2013"]
[Site "Pavlodar KAZ"]
[Date "2013.12.16"]
[Round "7.25"]
[White "Sarkina,Saule"]
[Black "Balguzhinov,B"]
[Result "1/2-1/2"]
[WhiteElo "2021"]
[BlackElo "2183"]

1.e4 d5 2.exd5 Qxd5 3.Nc3 Qd6 4.d4 a6 5.Nf3 Nf6 6.h3 b5 7.Bd3 Bb7 8.Qe2 Nc6
9.Ne4 Nxe4 10.Bxe4 e6 11.O-O Be7 12.c3 O-O 13.Ne5 Rab8 14.Nd3 Qd8 15.Nf4 Bd6
16.Nh5 Qh4 17.Qg4 Qxg4 18.hxg4 Na5 19.Bxb7 Rxb7 20.b3 Rd8 21.Bb2 Nc6 22.f4 Ne7
23.f5 exf5 24.gxf5 Nd5 25.Rae1 f6 26.Rf3 c5 27.dxc5 Bxc5+ 28.Kh1 Rbd7 29.c4 bxc4
30.bxc4 Nb6 31.Bxf6 gxf6 32.Nxf6+ Kf7 33.Nxd7 Rxd7 34.Rh3 Kf6 35.g4 Rg7 36.Re4 Nd7
37.Rh6+ Kg5 38.Rxa6 Nf6 39.Ree6 Bd4 40.c5 Nxg4 41.c6 Kxf5 42.Re2 Nf2+ 43.Kh2 Be5+
44.Rxe5+ Kxe5 45.a4 Kf4 46.Rb6 h5 47.Rb7 Rg8 48.c7 Rc8 49.a5 Ng4+ 50.Kg1 Ne5
51.a6 Nc6 52.a7 h4 53.Kh2 Kg4 54.Kg2 h3+ 55.Kh2 Kh4 56.Kg1 Kg3 57.Rb3+ Kg4
58.Rxh3 Nxa7 59.Rh7 Nb5 60.Rf7 Kg5 61.Re7 Kf6 62.Re2 Rxc7 63.Kf2 Nd4 64.Ra2 Ke5
65.Ra5+ Ke4 66.Ra2 Rh7 67.Ra8 Rf7+ 68.Kg2  1/2-1/2